| 000 | 00905nas a2200289 4500 | ||
|---|---|---|---|
| 001 | BR0505152 | ||
| 003 | BR-BrBNA | ||
| 005 | 20231205105711.0 | ||
| 007 | ta | ||
| 008 | 230509b bl.|||p| |||| 00| 00por d | ||
| 040 |
_aBR-BrBNA _bpor _cBiblioteca Nacional de Agricultura |
||
| 041 | _a(Pt) | ||
| 072 | _aF70 | ||
| 100 | 1 | _aBoligon, A.A. | |
| 100 | 1 | _aLonghi, S.J. | |
| 100 | 1 | _aMurari, A.B. | |
| 100 | 1 | _aHack, C. | |
| 245 | 1 | _aAspectos fitossociológicos de um fragmento da floresta natural de Astronium balansae engl., no município de Bossoroca, RS | |
| 650 | _aFLORESTA NATIVA | ||
| 650 | _aANACARDIACEAE | ||
| 650 | _aCOMPOSIÇÃO BOTÂNICA | ||
| 650 | _aTAXONOMIA VEGETAL | ||
| 650 | _aRIO GRANDE DO SUL | ||
| 773 | 0 |
_tCiência Rural (Brazil) _xISSN 0103-8478 _g(Sep-Oct 2005), v. 35(5) p. 1075-1082 _wBR0505152 |
|
| 909 |
_a202311 _bLúcia _c55 _dLúcia Elande |
||
| 942 |
_2AGRIS _n0 _cANA |
||
| 999 |
_c184228 _d184228 |
||